000
00328 a2200145 4500
001
48462
020
_a
9788580442991
040
_c
Anchieta - Bela Vista
100
_a
Reisinho, Pedro
240
1
0
_a
O meu primeiro livro
_l
por
245
1
0
_a
O meu primeiro livro
362
0
_a
2012
650
4
_a
Literatura infantil
942
_c
BK
999
_c
48462
_d
48462